Výber dane z príjmov fyzických osôb zrážkou
Zdaňovanie príjmov v prípadoch, keď sa daň, resp. preddavok na ňu vyberá zrážkou. Vyberanie dane z príjmov, na ktoré sa vzťahuje osobitná sadzba dane. Zrážanie preddavkov na daň na jej zabezpečenie. Zrážanie preddavkov na daň z príjmov zo závislej činnosti a funkčných požitkov. Sadzby dane a druhy p...
Gespeichert in:
| 1. Verfasser: | |
|---|---|
| Format: | Buchkapitel |
| Sprache: | Slowakisch |
| Schlagworte: | |
| Tags: |
Keine Tags, Fügen Sie das erste Tag hinzu!
|
MARC
| LEADER | 00000naa a2200000 4500 | ||
|---|---|---|---|
| 001 | r038999 | ||
| 005 | 20230926083201.7 | ||
| 041 | 0 | |a slo | |
| 044 | |a SK | ||
| 245 | 1 | 0 | |a Výber dane z príjmov fyzických osôb zrážkou |c Dagmar Piršelová |
| 520 | |a Zdaňovanie príjmov v prípadoch, keď sa daň, resp. preddavok na ňu vyberá zrážkou. Vyberanie dane z príjmov, na ktoré sa vzťahuje osobitná sadzba dane. Zrážanie preddavkov na daň na jej zabezpečenie. Zrážanie preddavkov na daň z príjmov zo závislej činnosti a funkčných požitkov. Sadzby dane a druhy príjmov fyzických osôb. | ||
| 610 | 2 | 0 | |a preddavky |
| 610 | 2 | 0 | |a dane z príjmov |
| 610 | 2 | 0 | |a sadzby daňové |
| 610 | 2 | 0 | |a osoby fyzické |
| 610 | 2 | 0 | |a odpočet dane |
| 100 | 1 | |a Piršelová, Dagmar | |